| 000 | 00730nam a2200205 a 4500 | ||
|---|---|---|---|
| 008 | 101110s2008 ||||||||||||||||| || u | ||
| 020 | _a0749453176 | ||
| 050 | _aHE 151 Tif | ||
| 100 | _aTiffin, John | ||
| 245 | 1 | 0 | _aTransport communications: understanding global networks enabling transport services |
| 260 |
_aLondon: _bKogan Page _c2008 |
||
| 300 | _axvi, 238p.: ill. | ||
| 350 | _a0.00 | ||
| 650 | _aTELECOMMUNICATION | ||
| 650 | _aTRANSPORTATION | ||
| 650 | _aCOMMUNICATION | ||
| 650 | _aCOMMUNICATION AND TRAFFIC | ||
| 700 | _aKissling, Chris | ||
| 995 |
_D0.00 _FCBU-MAIN LIBRARY (Kitwe) _H1 _I0.00 _M1 _UAVAILABLE _WDec 1, 2010 _ZMain Library Open Access Collection |
||
| 999 |
_c60360 _d60360 |
||